Η συμβολή της γεωστατιστικής στην εκτίμηση πιθανότητας εμφάνισης και εξάπλωσης πυρκαγιών : η περίπτωση της δυτικής Αττικής : διπλωματική εργασία [μεταπτυχιακή διατριβή]
Αποθηκεύτηκε σε:
| Κύριος συγγραφέας: | |
|---|---|
| Συγγραφή απο Οργανισμό/Αρχή: | |
| Άλλοι συγγραφείς: | |
| Μορφή: | Thesis Βιβλίο |
| Γλώσσα: | Greek |
| Δημοσίευση: |
2010
|
| Θέματα: | |
| Διαθέσιμο Online: | http://hdl.handle.net/11610/11232 |
| Ετικέτες: |
Προσθήκη ετικέτας
Δεν υπάρχουν, Καταχωρήστε ετικέτα πρώτοι!
|
MARC
| LEADER | 00000cam a2200000 i 4500 | ||
|---|---|---|---|
| 001 | 1/54833 | ||
| 008 | 140904s2010 gre d | ||
| 035 | |l 10118907 | ||
| 040 | |a GR-MY-UA |b gre |e aacr | ||
| 041 | 0 | |a gre | |
| 082 | 0 | |a 363.379 | |
| 100 | 1 | |a Λιοδάκης, Στυλιανός. | |
| 245 | 1 | 2 | |a Η συμβολή της γεωστατιστικής στην εκτίμηση πιθανότητας εμφάνισης και εξάπλωσης πυρκαγιών : |b η περίπτωση της δυτικής Αττικής : διπλωματική εργασία [μεταπτυχιακή διατριβή] / |c Λιοδάκη Στυλιανού ; επιβλέπων καθηγητής: Φαίδων Κυριακίδης |
| 260 | |c 2010 | ||
| 300 | |a 109 σ.; |b πιν.; |c 30 εκ. | ||
| 502 | |a Διατριβή (μεταπτυχιακή) – Πανεπιστήμιο Αιγαίου, Λέσβος, 2010. | ||
| 504 | |a Βιβλιογραφία: σ. 102-109, παράρτημα | ||
| 650 | 0 | |a Forest fires |x Prevention and control |z Greece |z Attike. | |
| 650 | 0 | 0 | |a Forest fires |x Geographic information systems. |
| 650 | 0 | |a Forest fires |x Forecasting |z Greece |z Attike. | |
| 650 | 0 | 0 | |a Forest fires |z Greece |z Attike. |
| 650 | 0 | 0 | |a Dissertations, Academic |z Greece. |
| 700 | 1 | |a Κυριακίδης, Φαίδων. |4 trl | |
| 710 | 2 | |a Πανεπιστήμιο Αιγαίου |b Σχολή Κοινωνικών Επιστημών |b Τμήμα Γεωγραφίας |b Μεταπτυχιακό Πρόγραμμα Σπουδών Γεωγραφία και Εφαρμοσμένη Γεωπληροφορική. | |
| 852 | |a INST |b LESVOS |c DIATR |e 20140904 |h 137 |p 005100054949 |q 005100054949 |t MTXE |y 23 | ||
| 852 | |a INST |b LESVOS |c DIATR |e 20140904 |h 138 |p 005100054950 |q 005100054950 |t MTXE |y 23 | ||
| 856 | |u http://hdl.handle.net/11610/11232 | ||
| 901 | |a BIBL1-2014-3 | ||
| 909 | |a Λ |b 190514 | ||
| 909 | |a Λ |b 190515 | ||
| 924 | |a ΛΙΟΔΑΚΗΣ |b ΣΤΥΛΙΑΝΟΣ |y ΛΕΣΒΟΣ |z 2014-09 | ||
| 970 | |a ΚΑΜΑΤΣΟΥ |b ΔΕΣΠΟΙΝΑ |z 2014/09/04 | ||